000 00779nam a2200205Ii 4500
003 JO-AjNU
008 230605s9999||||xx |||||||||||||| ||und||
017 _a1970/6245
040 _aJO-AjNU
_bara
_erda
_cJO-AjNU
041 _aara
050 1 4 _aLB1027.L85 1971
100 3 _aأحمد، لطفي بركات مؤلف/جرجس، عوض فرج م.مشارك/الكومي، محمود عويس م.مشارك,
_eauthor
_936694
245 0 0 _aالمرجع في التربية الفكرية
264 3 1 _aالقاهرة:مكتبة النهضة المصرية،1970
300 _a270ص
336 _atext
_btxt
_2rdacontent
337 _aunmediated
_bn
_2rdamedia
338 _avolume
_bnc
_2rdacarrier
650 4 _aعلم نفس تربوي-أطفال معوقون-تقييم
_936695
999 _aA15268
_c18836
_d18836